Statistics for 2021-22 NFL Lineups - Quarterbacks

Click here to take the quiz!

General Stats

  • This quiz has been taken 162 times
  • The average score is 55 of 81

Answer Stats

Answer% Correct
Aaron Rodgers
98%
Dak Prescott
98%
Kyler Murray
98%
Lamar Jackson
98%
Jared Goff
97%
Josh Allen
97%
Tom Brady
97%
Tua Tagovailoa
97%
Derek Carr
96%
Joe Burrow
96%
Justin Herbert
96%
Mac Jones
96%
Matthew Stafford
96%
Russell Wilson
96%
Zach Wilson
96%
Brandon Allen
95%
Carson Wentz
95%
Jalen Hurts
95%
Justin Fields
95%
Kyle Allen
95%
Matt Ryan
95%
Daniel Jones
94%
Jimmy Garoppolo
94%
Ryan Tannehill
94%
Kirk Cousins
92%
Trevor Lawrence
92%
Ben Roethlisberger
90%
Jameis Winston
90%
Jordan Love
87%
Davis Mills
86%
Drew Lock
86%
Marcus Mariota
86%
Sam Darnold
85%
Andy Dalton
84%
Geno Smith
84%
Teddy Bridgewater
84%
Trey Lance
84%
Cam Newton
79%
Taysom Hill
79%
Tyler Huntley
77%
Tyrod Taylor
76%
Baker Mayfield
75%
Patrick Mahomes
75%
Mason Rudolph
74%
Gardner Minshew II
73%
Nick Foles
73%
Joe Flacco
72%
Mitchell Trubisky
68%
Mike White
65%
Cooper Rush
64%
Jacoby Brissett
63%
Ryan Fitzpatrick
63%
Colt McCoy
59%
Taylor Heinicke
59%
P.J. Walker
55%
Brian Hoyer
53%
Case Keenum
49%
Chad Henne
49%
Trevor Siemian
49%
Josh Johnson
47%
Blaine Gabbert
43%
Mike Glennon
42%
Ian Book
41%
John Wolford
38%
Josh Rosen
38%
Brett Rypien
34%
Tim Boyle
33%
Jake Fromm
32%
Sean Mannion
31%
David Blough
30%
Chase Daniel
29%
Kellen Mond
29%
Sam Ehlinger
29%
Nick Mullens
24%
C.J. Beathard
22%
Feleipe Franks
22%
Logan Woodside
14%
Garrett Gilbert
13%
Kurt Benkert
13%
Davis Webb
9%
Kevin Hogan
5%

Score Distribution

Percentile by Number Answered

Percent of People with Each Score

Your Score History

You have not taken this quiz